Ekonomické a právní aspekty podnikání v Evropské unii

Salvato in:
Dettagli Bibliografici
Natura: Libro
Lingua:ceco
Pubblicazione: Praha C.H. Beck 2007
Serie:Beckova edice právo a hospodářství
Soggetti:
Tags: Aggiungi Tag
Nessun Tag, puoi essere il primo ad aggiungerne!!

MARC

LEADER 00000nam$a2200000$$$4500
001 0076329
005 20231215114846.3
020 |a 978-80-7179-558-2 
041 0 |a cze 
044 |a CZ 
245 1 0 |a Ekonomické a právní aspekty podnikání v Evropské unii 
264 1 |a Praha  |b C.H. Beck  |c 2007 
300 |a xviii, 348 s. 
490 1 |a Beckova edice právo a hospodářství 
830 0 |a Beckova edice právo a hospodářství 
610 2 0 |a podnikanie medzinárodné 
610 2 0 |a podnikanie 
610 2 0 |a Európska únia 
610 2 0 |a Česko 
610 2 0 |a podpora podnikania 
610 2 0 |a legislatíva